|
|
|
|
| LEADER |
01654nam a22004094a 4500 |
| 001 |
5819 |
| 003 |
BD-DhAAL |
| 005 |
20150908114326.0 |
| 008 |
150908s2002 nyua 001 0 eng |
| 010 |
|
|
|a 2002027523
|
| 020 |
|
|
|a 0007154488
|
| 020 |
|
|
|a 0060523794 (alk. paper)
|
| 040 |
|
|
|a DLC
|c DLC
|d C#P
|d OCLCQ
|d BD-DhAAL
|
| 050 |
0 |
0 |
|a HD9696.2.U64
|b I2545 2002
|
| 082 |
0 |
0 |
|a 004/.068
|2 21
|
| 100 |
1 |
|
|a Gerstner, Louis V.
|9 14478
|
| 245 |
1 |
0 |
|a Who says elephants can't dance? :
|b inside IBM's historic turnaround /
|c Louis V. Gerstner, Jr.
|
| 260 |
|
|
|a New York :
|b HarperBusiness,
|c c2002.
|
| 300 |
|
|
|a xi, 372 p. :
|b ill. ;
|c 24 cm.
|
| 500 |
|
|
|a Includes index.
|
| 541 |
|
|
|e 5819
|
| 610 |
2 |
0 |
|a International Business Machines Corporation
|x Management.
|9 14479
|
| 610 |
2 |
0 |
|a International Business Machines Corporation
|x History.
|9 14480
|
| 610 |
2 |
7 |
|a International Business Machines Corporation
|2 fast
|9 14481
|
| 650 |
|
0 |
|a Computer industry
|z United States
|x History.
|9 14482
|
| 650 |
|
0 |
|a Electronic office machine industry
|z United States
|x History.
|9 14483
|
| 650 |
|
0 |
|a Corporate turnarounds
|z United States
|v Case studies.
|9 14484
|
| 650 |
|
7 |
|a Computer industry
|2 fast
|9 14485
|
| 650 |
|
7 |
|a Corporate turnarounds
|2 fast
|9 14486
|
| 650 |
|
7 |
|a Electronic office machine industry
|2 fast
|9 14487
|
| 650 |
|
7 |
|a Management
|2 fast
|9 14488
|
| 651 |
|
7 |
|a United States
|2 fast
|9 14489
|
| 655 |
|
7 |
|a Case studies
|2 fast
|9 14302
|
| 655 |
|
7 |
|a History
|2 fast
|9 8406
|
| 942 |
|
|
|2 ddc
|c BK
|
| 999 |
|
|
|c 35472
|d 35472
|
| 952 |
|
|
|0 0
|1 0
|2 ddc
|4 0
|6 004_000000000000000__068_GER
|7 0
|9 55788
|a SCL
|b SCL
|c GEN
|d 2015-09-08
|g 785.00
|l 0
|o 004.068 GER
|p 3020005819
|r 2018-02-27
|t 1
|w 2015-09-08
|y BK
|